000 00662nam a2200181 a 4500
005 20210219160250.0
008 081002s2000 mx r 000 0 spa d
035 _aUPN01000161874
049 _aUNE
080 _aDO 008 (042) (100) =20=40 1992ALL.
245 0 0 _aAllocutions prononcées au cours de la séance spéciale du Conseil Exécutif consacrée à la commémoration du cinquième centenaire de la rencontre de deux mondes (1492-1992)
260 _aParis : UNESCO, 1992.
300 _a63 p. ;
690 _aDiscursos- Celebraciones de aniversarios
690 _aQuinto Centenario del Encuentro de dos Mundos
710 2 _aUNESCO
905 _aUNESCO
999 _c133987
_d133987